| 000 | 00521nam a2200181Ia 4500 | ||
|---|---|---|---|
| 999 |
_c37484 _d37484 |
||
| 003 | OSt | ||
| 005 | 20200929124014.0 | ||
| 008 | 190216s9999||||xx |||||||||||||| ||und|| | ||
| 020 | _a9788130906027 | ||
| 040 | _coclc | ||
| 082 |
_a599.935 _bGAR/H |
||
| 100 |
_aGardner, Anne _95142 |
||
| 245 | 0 |
_aHuman Genetics / _cAnne Gardner ; R T Howell ; Teresa Davis |
|
| 260 |
_bViva Books, _c2008. _aNew Delhi: |
||
| 300 | _a206p | ||
| 650 | _aZoology | ||
| 942 |
_cBK _2ddc _h599.935 _iGAR/H _k599.935 _mGAR/H |
||